[Event "RA November op"]
[Site "Ottawa CAN"]
[Date "2013.11.10"]
[Round "5"]
[White "Filipovich, David"]
[Black "Djerkovic, Miladin"]
[Result "1-0"]
[WhiteElo "2239"]
[BlackElo "2244"]
[PlyCount "87"]
[GameId "2160767909216647"]
[EventDate "2013.11.08"]
[EventType "swiss"]
[EventRounds "5"]
[EventCountry "CAN"]
[SourceTitle "EXT 2022"]
[Source "ChessBase"]
[SourceDate "2021.10.06"]
[SourceVersion "1"]
[SourceVersionDate "2021.10.06"]
[SourceQuality "1"]

1. Nf3 Nf6 2. g3 d5 3. Bg2 c5 4. O-O Nc6 5. d4 e6 6. c4 Be7 7. cxd5 exd5 8. Nc3 O-O 9. Bg5 c4 10. Ne5 Be6 11. Qd2 h6 12. Bxf6 Bxf6 13. f4 Ne7 14. e4 dxe4 15. Nxe4 Nc6 16. Nxf6+ Qxf6 17. Nxc6 bxc6 18. Bxc6 Rad8 19. d5 Bh3 20. Rf2 h5 21. Qc3 Qg6 22. Qxc4 h4 23. Qc3 Rd6 24. Re1 Rfd8 25. Rfe2 Qh5 26. Re5 f5 27. Re6 Bg4 28. Rxd6 Rxd6 29. Re6 Bf3 30. Rxd6 hxg3 31. hxg3 Qh1+ 32. Kf2 Qg2+ 33. Ke3 Qe2+ 34. Kd4 Qf2+ 35. Ke5 Qe2+ 36. Kxf5 Qe4+ 37. Kg5 Qe7+ 38. Rf6 Kh7 39. Qe5 Qd8 40. Qf5+ Kh8 41. Qh3+ Kg8 42. Qe6+ Kh7 43. Kf5 gxf6 44. Qf7+ 1-0

[Event "RA November op"]
[Site "Ottawa CAN"]
[Date "2013.11.10"]
[Round "5"]
[White "Kalra, Agastya"]
[Black "Pacey, Kevin"]
[Result "1-0"]
[WhiteElo "2145"]
[BlackElo "2243"]
[PlyCount "74"]
[GameId "2160767909216648"]
[EventDate "2013.11.08"]
[EventType "swiss"]
[EventRounds "5"]
[EventCountry "CAN"]
[SourceTitle "EXT 2022"]
[Source "ChessBase"]
[SourceDate "2021.10.06"]
[SourceVersion "1"]
[SourceVersionDate "2021.10.06"]
[SourceQuality "1"]

1. e4 c6 2. d4 d5 3. Nc3 dxe4 4. Nxe4 Nf6 5. Nxf6+ gxf6 6. Nf3 Bg4 7. Be2 e6 8. c3 Bd6 9. h3 Bh5 10. Nd2 Bxe2 11. Qxe2 Bf4 12. Ne4 Bxc1 13. Rxc1 f5 14. Nd2 Qd5 15. O-O Nd7 16. Nb3 Rg8 17. f4 Nf6 18. c4 Qe4 19. Qf2 O-O-O 20. Rfe1 Rxg2+ 21. Qxg2 Qxf4 22. Qf2 Rg8+ 23. Kf1 Qh6 24. Rc3 f4 25. d5 Nh5 26. Qxa7 Ng3+ 27. Rxg3 Rxg3 28. Qa8+ Kd7 29. Nc5+ Ke7 30. d6+ Kxd6 31. Qd8+ Kxc5 32. Re5+ Kxc4 33. b3+ Rxb3 34. axb3+ Kxb3 35. Qb6+ Kc3 36. Rc5+ Kd3 37. Qb3+ Ke4 1-0

[Event "RA November op U1900"]
[Site "Ottawa CAN"]
[Date "2013.11.08"]
[Round "1"]
[White "Ivanenko, Anthony"]
[Black "Fei, David"]
[Result "0-1"]
[WhiteElo "1860"]
[BlackElo "1741"]
[PlyCount "102"]
[GameId "2160767909216649"]
[EventDate "2013.11.08"]
[EventType "swiss"]
[EventRounds "5"]
[EventCountry "CAN"]

1. e4 c6 2. d4 d5 3. Nc3 dxe4 4. Nxe4 Nd7 5. Nf3 Ngf6 6. Nxf6+ Nxf6 7. Bc4 Bf5 8. c3 e6 9. O-O Be7 10. Bg5 O-O 11. h3 Nd5 12. Bxe7 Qxe7 13. Qd2 h6 14. Rfe1 Qd6 15. Bxd5 cxd5 16. Re3 Qf4 17. Rae1 Rac8 18. Qe2 Qc7 19. Nh4 Qf4 20. Nf3 Qc7 21. Ne5 Qd8 22. Rg3 Qh4 23. Qe3 Rc7 24. Ng4 Bxg4 25. Rxg4 Qf6 26. Qg3 Rfc8 27. Re5 g6 28. f4 Kh7 29. h4 h5 30. Rgg5 Kh6 31. Qe3 Kg7 32. Qg3 Kf8 33. Qf3 Rd8 34. g4 hxg4 35. Qxg4 Ke7 36. Qg3 Kd7 37. b3 Kc8 38. a4 Kb8 39. Kg2 Rdc8 40. Re3 Ka8 41. b4 Qd8 42. Qe1 Qd6 43. Kf3 Qa6 44. a5 Qc4 45. Rg3 Rh8 46. Kg4 Rcc8 47. Qb1 Rh5 48. Rg2 Rch8 49. Rh3 f5+ 50. Kf3 Qxc3+ 51. Kf2 Qxh3 0-1

[Event "RA Spring op"]
[Site "Ottawa CAN"]
[Date "2013.02.15"]
[Round "1"]
[White "Doubleday, William"]
[Black "Sambuev, Bator"]
[Result "0-1"]
[WhiteElo "2080"]
[BlackElo "2700"]
[PlyCount "58"]
[GameId "2160767909381712"]
[EventDate "2013.02.15"]
[EventType "swiss"]
[EventRounds "5"]
[EventCountry "CAN"]
[SourceTitle "EXT 2022"]
[Source "ChessBase"]
[SourceDate "2021.10.06"]
[SourceVersion "1"]
[SourceVersionDate "2021.10.06"]
[SourceQuality "1"]

1. d4 d5 2. c4 c6 3. e3 e6 4. Nc3 f5 5. g4 fxg4 6. Qxg4 Nf6 7. Qg2 c5 8. cxd5 exd5 9. Bb5+ Nc6 10. Nge2 a6 11. Bd3 Bg4 12. Nf4 cxd4 13. Ncxd5 Ne5 14. Be2 Bxe2 15. Nxf6+ gxf6 16. Nxe2 Qa5+ 17. Kf1 d3 18. Nc3 d2 19. Bxd2 O-O-O 20. Be1 Bb4 21. f4 Rhg8 22. Qc2 Nc6 23. a3 Bxc3 24. Bxc3 Qd5 25. e4 Qh5 26. Qf2 Rd1+ 27. Rxd1 Qxd1+ 28. Be1 Qd3+ 29. Qe2 Qh3+ 0-1

[Event "RA Spring op"]
[Site "Ottawa CAN"]
[Date "2013.02.15"]
[Round "1"]
[White "Gordon, David"]
[Black "Zhou, Qiyu"]
[Result "1-0"]
[WhiteElo "2287"]
[BlackElo "2020"]
[PlyCount "133"]
[GameId "2160767909381713"]
[EventDate "2013.02.15"]
[EventType "swiss"]
[EventRounds "5"]
[EventCountry "CAN"]
[SourceTitle "EXT 2022"]
[Source "ChessBase"]
[SourceDate "2021.10.06"]
[SourceVersion "1"]
[SourceVersionDate "2021.10.06"]
[SourceQuality "1"]

1. d4 Nf6 2. Bg5 Ne4 3. Bf4 c5 4. f3 Qa5+ 5. c3 Nf6 6. Nd2 cxd4 7. Nb3 Qd8 8. cxd4 d5 9. Rc1 Nc6 10. e3 e6 11. g4 Bd6 12. Bxd6 Qxd6 13. g5 Nd7 14. f4 b6 15. Bd3 Nb4 16. Bb1 Ba6 17. Nf3 Ke7 18. Kf2 Rac8 19. Rxc8 Rxc8 20. Ne5 Nxe5 21. dxe5 Qd7 22. Nd4 Nc6 23. Nf3 Na5 24. Qd2 Nc4 25. Qb4+ Ke8 26. Nd4 Na5 27. Qd2 Qe7 28. Rc1 Rxc1 29. Qxc1 Qc5 30. Qd2 Qc4 31. Qd1 Nb7 32. Bc2 Nc5 33. a3 Nd3+ 34. Bxd3 Qxd3 35. Qxd3 Bxd3 36. Ke1 Kd7 37. Kd2 Bf1 38. h4 a6 39. Kc3 Ke7 40. Nc6+ Kd7 41. Nb4 h6 42. gxh6 gxh6 43. Kd4 Ke8 44. f5 Kf8 45. f6 Kg8 46. Nc6 Bb5 47. Ne7+ Kf8 48. Nc8 Kg8 49. Nxb6 Kh7 50. Nc8 Kg6 51. Nd6 Ba4 52. e4 dxe4 53. Kxe4 Bc6+ 54. Kf4 h5 55. Nc8 Bd7 56. Nd6 Bc6 57. b3 Bd5 58. b4 Bc6 59. Ne4 Bb5 60. Nc5 Bc4 61. a4 Be2 62. Ne4 Bd1 63. Nc3 Bb3 64. b5 axb5 65. axb5 Bc4 66. b6 Ba6 67. Na4 1-0

[Event "RA Spring op"]
[Site "Ottawa CAN"]
[Date "2013.02.15"]
[Round "1"]
[White "Hambleton, Aman"]
[Black "Donev, Danail"]
[Result "1-0"]
[WhiteElo "2571"]
[BlackElo "2085"]
[PlyCount "77"]
[GameId "2160767909381714"]
[EventDate "2013.02.15"]
[EventType "swiss"]
[EventRounds "5"]
[EventCountry "CAN"]
[SourceTitle "EXT 2022"]
[Source "ChessBase"]
[SourceDate "2021.10.06"]
[SourceVersion "1"]
[SourceVersionDate "2021.10.06"]
[SourceQuality "1"]

1. d4 Nf6 2. c4 g6 3. Nc3 Bg7 4. e4 d6 5. f3 O-O 6. Be3 e5 7. Nge2 c6 8. Qd2 a6 9. dxe5 dxe5 10. c5 Qxd2+ 11. Kxd2 Be6 12. Na4 Nbd7 13. Kc2 Ne8 14. Rd1 f5 15. Nec3 Nef6 16. Bd3 f4 17. Bf2 Rfe8 18. Ne2 Bf8 19. Nc1 Rad8 20. Nb3 Be7 21. Na5 Rb8 22. a3 Bd8 23. b4 Bc7 24. Rd2 Nf8 25. Be2 Red8 26. Rxd8 Bxd8 27. Rd1 Bc7 28. Be1 Kf7 29. Bc3 g5 30. Nc4 Ng6 31. Nd6+ Ke7 32. Nb6 Ne8 33. Nf5+ Kf6 34. Nd7+ Bxd7 35. Rxd7 Nf8 36. Re7 Ne6 37. Bc4 N6g7 38. Rf7+ Kg6 39. Nxg7 1-0

[Event "RA Spring op"]
[Site "Ottawa CAN"]
[Date "2013.02.15"]
[Round "1"]
[White "Pacey, Kevin"]
[Black "Lebrun, Roger"]
[Result "1-0"]
[WhiteElo "2229"]
[BlackElo "1929"]
[PlyCount "35"]
[GameId "2160767909381715"]
[EventDate "2013.02.15"]
[EventType "swiss"]
[EventRounds "5"]
[EventCountry "CAN"]
[SourceTitle "EXT 2022"]
[Source "ChessBase"]
[SourceDate "2021.10.06"]
[SourceVersion "1"]
[SourceVersionDate "2021.10.06"]
[SourceQuality "1"]

1. b3 e5 2. Bb2 Nc6 3. e3 d6 4. Ne2 f5 5. d4 Bd7 6. d5 Nce7 7. f4 g6 8. fxe5 Bg7 9. Na3 Nh6 10. Nc4 dxe5 11. Bxe5 Bxe5 12. Nxe5 c6 13. dxc6 Bxc6 14. Qd4 Nf7 15. O-O-O Qc7 16. Nxf7 Kxf7 17. Nc3 Rhd8 18. Bc4+ 1-0

[Event "RA Spring op"]
[Site "Ottawa CAN"]
[Date "2013.02.15"]
[Round "1"]
[White "Smilovici, Emil"]
[Black "Qin, Zi Yi (Joey)"]
[Result "0-1"]
[WhiteElo "2036"]
[BlackElo "2145"]
[PlyCount "58"]
[GameId "2160767909381716"]
[EventDate "2013.02.15"]
[EventType "swiss"]
[EventRounds "5"]
[EventCountry "CAN"]

1. e4 c5 2. Nf3 d6 3. d4 cxd4 4. Nxd4 Nf6 5. Nc3 a6 6. Bg5 e6 7. f4 Be7 8. Qf3 Qc7 9. O-O-O Nbd7 10. Bd3 h6 11. Bh4 g5 12. fxg5 Ne5 13. Qe2 Nfg4 14. h3 hxg5 15. Bg3 Nxd3+ 16. Rxd3 Ne5 17. Bxe5 dxe5 18. Nb3 Bd7 19. Qf2 b5 20. Rf1 Rf8 21. Rf3 f6 22. h4 gxh4 23. Qxh4 O-O-O 24. Qh7 Bc6 25. Na5 Ba8 26. Nxb5 Qxa5 27. Rc3+ Kb8 28. Qxe7 axb5 29. Ra3 Qd2+ 0-1

[Event "RA Spring op"]
[Site "Ottawa CAN"]
[Date "2013.02.15"]
[Round "1"]
[White "Sun, Mike"]
[Black "Valdizon, Armando"]
[Result "0-1"]
[WhiteElo "2098"]
[BlackElo "2098"]
[PlyCount "74"]
[GameId "2160767909381717"]
[EventDate "2013.02.15"]
[EventType "swiss"]
[EventRounds "5"]
[EventCountry "CAN"]
[SourceTitle "EXT 2022"]
[Source "ChessBase"]
[SourceDate "2021.10.06"]
[SourceVersion "1"]
[SourceVersionDate "2021.10.06"]
[SourceQuality "1"]

1. e4 g6 2. d4 Bg7 3. Nc3 c6 4. Bc4 b5 5. Bb3 a5 6. a3 d6 7. Qf3 e6 8. d5 a4 9. Ba2 Qd7 10. Nge2 cxd5 11. exd5 e5 12. Ne4 h6 13. Qc3 Ne7 14. g4 f5 15. gxf5 Nxf5 16. Rg1 O-O 17. Rxg6 Qf7 18. Rxg7+ Qxg7 19. Bd2 Nd4 20. Nxd4 Qg1+ 21. Ke2 Bg4+ 22. Kd3 Qxa1 23. Bxh6 Qd1+ 24. Nd2 exd4 25. Qxd4 Qe2+ 26. Kc3 Rc8+ 27. Kb4 Na6+ 28. Ka5 Nc5+ 29. Kb4 Rc7 30. Qf6 Na6+ 31. Ka5 Nc5+ 32. Kb4 Qe5 33. Qg6+ Rg7 34. Bxg7 Qxg7 35. Qxd6 Qxb2+ 36. Kxc5 Qxa3+ 37. Kc6 Ra6+ 0-1

[Event "RA Spring op"]
[Site "Ottawa CAN"]
[Date "2013.02.16"]
[Round "2"]
[White "Bertrand, Daryl"]
[Black "Wan, Kevin"]
[Result "0-1"]
[WhiteElo "2162"]
[BlackElo "2162"]
[PlyCount "108"]
[GameId "2160767909381718"]
[EventDate "2013.02.15"]
[EventType "swiss"]
[EventRounds "5"]
[EventCountry "CAN"]
[SourceTitle "EXT 2022"]
[Source "ChessBase"]
[SourceDate "2021.10.06"]
[SourceVersion "1"]
[SourceVersionDate "2021.10.06"]
[SourceQuality "1"]

1. Nh3 d5 2. g3 Nf6 3. d4 e6 4. Bg2 c5 5. O-O Nc6 6. dxc5 Bxc5 7. c4 dxc4 8. Qa4 Bd7 9. Qxc4 Bb6 10. Rd1 Rc8 11. Qh4 Nd4 12. Na3 Nxe2+ 13. Kf1 Nxc1 14. Bxb7 Bb5+ 15. Ke1 Nd3+ 16. Kf1 Nxf2+ 17. Nxb5 Nxd1 18. Bxc8 Qd2 19. Nd6+ Ke7 20. Nc4 Qd3+ 21. Ke1 g5 22. Rxd1 Qxd1+ 23. Kxd1 gxh4 24. Bb7 hxg3 25. hxg3 Rg8 26. Ne5 Rxg3 27. Nf4 h5 28. Ne2 Rg8 29. a4 h4 30. a5 Be3 31. Bh1 Ng4 32. Nc6+ Kf6 33. Nc3 Nf2+ 34. Ke2 Nxh1 35. Ne4+ Kg7 36. Kxe3 Ng3 37. Nf2 Nf5+ 38. Kf4 Rc8 39. Ne5 Rc2 40. Ned3 Rd2 41. Ke4 Kf8 42. b4 Ke7 43. Kf3 h3 44. Ne5 h2 45. Nh1 Rb2 46. a6 f6 47. Nc6+ Kd6 48. Nxa7 Rxb4 49. Kg2 Rb2+ 50. Kh3 Kc7 51. Kg4 Rb1 52. Nf2 h1=Q 53. Nxh1 Rxh1 54. Nb5+ Kb6 0-1

[Event "RA Spring op"]
[Site "Ottawa CAN"]
[Date "2013.02.16"]
[Round "2"]
[White "Marinkovic, Mate"]
[Black "Gordon, David"]
[Result "1-0"]
[WhiteElo "2215"]
[BlackElo "2287"]
[PlyCount "71"]
[GameId "2160767909381719"]
[EventDate "2013.02.15"]
[EventType "swiss"]
[EventRounds "5"]
[EventCountry "CAN"]
[SourceTitle "EXT 2022"]
[Source "ChessBase"]
[SourceDate "2021.10.06"]
[SourceVersion "1"]
[SourceVersionDate "2021.10.06"]
[SourceQuality "1"]

1. c4 b6 2. Nc3 e6 3. g3 Bb7 4. e4 Bb4 5. d3 Ne7 6. Nge2 O-O 7. Bg2 d5 8. exd5 exd5 9. O-O Qd7 10. Nf4 Bxc3 11. bxc3 c5 12. Qf3 Rd8 13. Re1 Na6 14. Nh5 Rab8 15. Bh6 dxc4 16. Nf6+ gxf6 17. Qxf6 Nf5 18. Bxb7 Nxh6 19. Re5 Qd6 20. Rg5+ Kf8 21. Qg7+ Ke7 22. Re1+ Kd7 23. Rd5 Rxb7 24. Rxd6+ Kxd6 25. Qxh6+ Kd7 26. dxc4 Kc8 27. Qxh7 Rbd7 28. h4 Nc7 29. h5 Ne6 30. h6 Kb8 31. Qf5 Nf8 32. h7 Ng6 33. Kg2 Kc7 34. Rh1 Rh8 35. Rh6 Re7 36. Qf6 1-0

[Event "RA Spring op"]
[Site "Ottawa CAN"]
[Date "2013.02.16"]
[Round "2"]
[White "Qin, Zi Yi (Joey)"]
[Black "Pichardo, Agustin"]
[Result "1-0"]
[WhiteElo "2466"]
[BlackElo "2100"]
[PlyCount "103"]
[GameId "2160767909381720"]
[EventDate "2013.02.15"]
[EventType "swiss"]
[EventRounds "5"]
[EventCountry "CAN"]

1. e4 e6 2. d4 d5 3. Nd2 c5 4. exd5 exd5 5. Bb5+ Bd7 6. Bxd7+ Qxd7 7. Ngf3 Nc6 8. O-O Bd6 9. dxc5 Bxc5 10. Nb3 Bb6 11. Re1+ Nge7 12. Be3 O-O 13. Qd2 Rfd8 14. Rad1 Qg4 15. Nbd4 Nxd4 16. Bxd4 Nc6 17. Bxb6 axb6 18. a3 h6 19. c3 Ra4 20. h3 Qf5 21. Re3 Re4 22. Rd3 Ne7 23. Nd4 Qe5 24. f3 Rh4 25. Re1 Qf6 26. Qf2 Rh5 27. Rde3 Nc6 28. Nxc6 Qxc6 29. Rd1 Rg5 30. Rd4 Rg6 31. Red3 Re6 32. Rd2 b5 33. f4 f5 34. Qf3 Re4 35. Qd3 Rxd4 36. Qxd4 Qe6 37. Kf2 Qe4 38. Qxe4 fxe4 39. Rd4 Kf7 40. Rb4 Ke6 41. Ke3 Rc8 42. Rxb5 Rc7 43. Rb6+ Ke7 44. g4 Rd7 45. Kd4 Kf7 46. f5 Re7 47. Ke3 Rd7 48. Re6 Re7 49. Rd6 Re5 50. Rd7+ Re7 51. Rxd5 Kf6 52. h4 1-0

[Event "RA Spring op"]
[Site "Ottawa CAN"]
[Date "2013.02.16"]
[Round "2"]
[White "Sambuev, Bator"]
[Black "Pacey, Kevin"]
[Result "1-0"]
[WhiteElo "2700"]
[BlackElo "2229"]
[PlyCount "49"]
[GameId "2160767909381721"]
[EventDate "2013.02.15"]
[EventType "swiss"]
[EventRounds "5"]
[EventCountry "CAN"]
[SourceTitle "EXT 2022"]
[Source "ChessBase"]
[SourceDate "2021.10.06"]
[SourceVersion "1"]
[SourceVersionDate "2021.10.06"]
[SourceQuality "1"]

1. d4 Nf6 2. Nf3 c5 3. e3 cxd4 4. exd4 d5 5. c4 g6 6. Nc3 Bg7 7. cxd5 O-O 8. Bc4 Nbd7 9. O-O Nb6 10. Bb3 Nbxd5 11. Re1 Be6 12. Rxe6 fxe6 13. Qe2 Kh8 14. Ng5 Qd6 15. Nxe6 Rfe8 16. Bd2 Rac8 17. Re1 a6 18. Qf3 Nxc3 19. bxc3 Qc6 20. Qh3 Qd7 21. Qh4 Rc6 22. h3 b5 23. Re5 Rec8 24. Nf4 Qe8 25. Rxe7 1-0

[Event "RA Spring op"]
[Site "Ottawa CAN"]
[Date "2013.02.16"]
[Round "2"]
[White "Valdizon, Armando"]
[Black "Hambleton, Aman"]
[Result "0-1"]
[WhiteElo "2244"]
[BlackElo "2571"]
[PlyCount "56"]
[GameId "2160767909381722"]
[EventDate "2013.02.15"]
[EventType "swiss"]
[EventRounds "5"]
[EventCountry "CAN"]
[SourceTitle "EXT 2022"]
[Source "ChessBase"]
[SourceDate "2021.10.06"]
[SourceVersion "1"]
[SourceVersionDate "2021.10.06"]
[SourceQuality "1"]

1. d4 Nf6 2. c4 c5 3. Nf3 cxd4 4. Nxd4 b6 5. f3 Bb7 6. e4 d6 7. Nc3 e6 8. Be3 a6 9. Qd2 Nbd7 10. Be2 Qc7 11. O-O Be7 12. Rac1 O-O 13. Rfd1 Rac8 14. Kh1 Qb8 15. Bf1 h5 16. Qf2 Rfe8 17. a3 h4 18. b4 Bd8 19. Nb3 h3 20. gxh3 Ne5 21. Nd2 d5 22. exd5 exd5 23. Nxd5 Nxd5 24. cxd5 Rxc1 25. Rxc1 Bxd5 26. Be2 Ng6 27. Bxa6 Bh4 28. Qf1 Rxe3 0-1

[Event "RA Spring op"]
[Site "Ottawa CAN"]
[Date "2013.02.16"]
[Round "2"]
[White "Zhou, Qiyu"]
[Black "Dahms, David"]
[Result "0-1"]
[WhiteElo "1800"]
[BlackElo "2020"]
[PlyCount "44"]
[GameId "2160767909381723"]
[EventDate "2013.02.15"]
[EventType "swiss"]
[EventRounds "5"]
[EventCountry "CAN"]
[SourceTitle "EXT 2022"]
[Source "ChessBase"]
[SourceDate "2021.10.06"]
[SourceVersion "1"]
[SourceVersionDate "2021.10.06"]
[SourceQuality "1"]

1. e4 c6 2. d4 d5 3. exd5 cxd5 4. Bd3 g6 5. Ne2 Bg7 6. O-O Nf6 7. c3 O-O 8. Be3 Nbd7 9. Nd2 b6 10. Kh1 Ng4 11. Bf4 e5 12. dxe5 Ndxe5 13. Bc2 Bb7 14. Nd4 Ba6 15. Bxe5 Nxe5 16. Re1 Nd3 17. Bxd3 Bxd3 18. Qf3 Bxd4 19. cxd4 Ba6 20. Re5 Bb7 21. Rae1 Rc8 22. Re7 Qxe7 0-1

[Event "RA Spring op"]
[Site "Ottawa CAN"]
[Date "2013.02.16"]
[Round "3"]
[White "Hambleton, Aman"]
[Black "Marinkovic, Mate"]
[Result "1-0"]
[WhiteElo "2571"]
[BlackElo "2215"]
[PlyCount "67"]
[GameId "2160767909381724"]
[EventDate "2013.02.15"]
[EventType "swiss"]
[EventRounds "5"]
[EventCountry "CAN"]
[SourceTitle "EXT 2022"]
[Source "ChessBase"]
[SourceDate "2021.10.06"]
[SourceVersion "1"]
[SourceVersionDate "2021.10.06"]
[SourceQuality "1"]

1. d4 d5 2. c4 c6 3. Nc3 Nf6 4. e3 e6 5. Nf3 Be7 6. Qc2 O-O 7. b3 a6 8. Bd3 Nbd7 9. O-O h6 10. Bb2 dxc4 11. bxc4 c5 12. Rad1 cxd4 13. exd4 Qc7 14. Rfe1 b6 15. d5 Nc5 16. Ne4 Nfxe4 17. Bxe4 Bb7 18. Be5 Qc8 19. Bh7+ Kh8 20. Nd4 f6 21. Bg3 e5 22. Nf5 Qe8 23. d6 Bd8 24. d7 Qf7 25. Nh4 e4 26. Bg6 Qe6 27. Bf5 Qf7 28. Ng6+ Kg8 29. Nxf8 Qxf8 30. Bd6 Be7 31. Bxc5 Bxc5 32. Bxe4 Bxe4 33. Qxe4 Rd8 34. Qc6 1-0

[Event "RA Spring op"]
[Site "Ottawa CAN"]
[Date "2013.02.16"]
[Round "3"]
[White "Pacey, Kevin"]
[Black "Donev, Danail"]
[Result "1/2-1/2"]
[WhiteElo "2229"]
[BlackElo "2085"]
[PlyCount "52"]
[GameId "2160767909381725"]
[EventDate "2013.02.15"]
[EventType "swiss"]
[EventRounds "5"]
[EventCountry "CAN"]
[SourceTitle "EXT 2022"]
[Source "ChessBase"]
[SourceDate "2021.10.06"]
[SourceVersion "1"]
[SourceVersionDate "2021.10.06"]
[SourceQuality "1"]

1. e4 c5 2. Nf3 d6 3. d4 cxd4 4. Nxd4 Nf6 5. Nc3 a6 6. Bc4 e6 7. Bb3 Nbd7 8. Bg5 Nc5 9. Qe2 Be7 10. O-O-O O-O 11. e5 Ne8 12. Bxe7 Qxe7 13. f4 Nxb3+ 14. axb3 b5 15. exd6 Nxd6 16. Kb1 Bb7 17. Nf3 Rfd8 18. Rhe1 Rac8 19. Ne5 b4 20. Na4 Qc7 21. Rd4 Nf5 22. Rc4 Qe7 23. Rxc8 Rxc8 24. Rd1 Rd8 25. g3 Rxd1+ 26. Qxd1 Ne3 1/2-1/2

[Event "RA Spring op"]
[Site "Ottawa CAN"]
[Date "2013.02.16"]
[Round "3"]
[White "Pichardo, Agustin"]
[Black "Zhang, Zhiyuan"]
[Result "1/2-1/2"]
[WhiteElo "2100"]
[BlackElo "1953"]
[PlyCount "92"]
[GameId "2160767909381726"]
[EventDate "2013.02.15"]
[EventType "swiss"]
[EventRounds "5"]
[EventCountry "CAN"]
[SourceTitle "EXT 2022"]
[Source "ChessBase"]
[SourceDate "2021.10.06"]
[SourceVersion "1"]
[SourceVersionDate "2021.10.06"]
[SourceQuality "1"]

1. c4 c6 2. Nf3 d5 3. g3 Nf6 4. Bg2 dxc4 5. Nc3 Bf5 6. Qa4 Nbd7 7. Qxc4 e5 8. d3 h6 9. O-O Bd6 10. Nd2 O-O 11. Nde4 Nb6 12. Qb3 Nxe4 13. Nxe4 Be6 14. Qc2 Qd7 15. Bxh6 f5 16. Nxd6 Qxd6 17. Be3 Nd7 18. Rfc1 Rf7 19. Bc5 Qc7 20. b4 a6 21. Qb2 Qd8 22. Bd6 Qf6 23. f4 exf4 24. Qxf6 Nxf6 25. gxf4 Rd8 26. Be5 Nd5 27. a3 Rfd7 28. Kf2 Kf7 29. h4 Rh8 30. Rh1 Nf6 31. Bf3 Bd5 32. Bxf6 Kxf6 33. e4 Bb3 34. Be2 Rhd8 35. e5+ Kf7 36. Rac1 Rd4 37. Ke3 a5 38. bxa5 Ra4 39. Rc3 Bd5 40. Rb1 Rd7 41. Bf3 Rxa5 42. Bxd5+ Raxd5 43. Rb6 Ra5 44. Rcb3 Ra7 45. Kd2 Ke6 46. Kc3 Kd5 1/2-1/2

[Event "RA Spring op"]
[Site "Ottawa CAN"]
[Date "2013.02.16"]
[Round "3"]
[White "Qin, Zi Yi (Joey)"]
[Black "Sambuev, Bator"]
[Result "0-1"]
[WhiteElo "2466"]
[BlackElo "2700"]
[PlyCount "114"]
[GameId "2160767909381727"]
[EventDate "2013.02.15"]
[EventType "swiss"]
[EventRounds "5"]
[EventCountry "CAN"]

1. e4 e5 2. Nf3 Nc6 3. Bc4 Bc5 4. c3 Nf6 5. d3 a6 6. Bb3 Ba7 7. h3 b5 8. Nbd2 O-O 9. Nf1 d5 10. Ng3 dxe4 11. dxe4 Na5 12. Qxd8 Rxd8 13. Bc2 Nc4 14. b3 Nd6 15. Nxe5 Re8 16. Ng4 Nfxe4 17. Nxe4 Nxe4 18. Bxe4 Bxg4 19. O-O Rxe4 20. hxg4 Rd8 21. a4 b4 22. cxb4 Rxb4 23. Ra2 h6 24. Rc2 Rd7 25. Rc3 Rxg4 26. Be3 Bb6 27. Rfc1 Rb4 28. Bxb6 cxb6 29. Rc8+ Kh7 30. R1c3 a5 31. Rf3 Rh4 32. Rc1 f6 33. g3 Rhd4 34. Kg2 Rd3 35. Rc3 Rxc3 36. Rxc3 Rd4 37. Kf3 h5 38. Kg2 Rb4 39. Kh3 g5 40. Re3 Kg6 41. Rc3 h4 42. Kg2 hxg3 43. Kxg3 Kf5 44. Rf3+ Ke5 45. Re3+ Re4 46. Rc3 f5 47. f3 Rb4 48. Rc7 Rd4 49. Rc3 Rd2 50. Rc6 Rd6 51. Rc3 Rd1 52. Rc6 f4+ 53. Kg4 Rg1+ 54. Kh5 g4 55. Rg6 g3 56. Kg4 Rh1 57. Rg5+ Kf6 0-1

[Event "RA Spring op"]
[Site "Ottawa CAN"]
[Date "2013.02.16"]
[Round "3"]
[White "Wan, Kevin"]
[Black "Gordon, David"]
[Result "0-1"]
[WhiteElo "2162"]
[BlackElo "2287"]
[PlyCount "96"]
[GameId "2160767909381728"]
[EventDate "2013.02.15"]
[EventType "swiss"]
[EventRounds "5"]
[EventCountry "CAN"]
[SourceTitle "EXT 2022"]
[Source "ChessBase"]
[SourceDate "2021.10.06"]
[SourceVersion "1"]
[SourceVersionDate "2021.10.06"]
[SourceQuality "1"]

1. e4 c5 2. Nf3 Nc6 3. d4 cxd4 4. Nxd4 Nf6 5. Nc3 e5 6. Ndb5 d6 7. Bg5 a6 8. Na3 b5 9. Nd5 Be7 10. Bxf6 Bxf6 11. c3 Rb8 12. Nc2 a5 13. Be2 Bg5 14. Nce3 O-O 15. Bd3 Be6 16. O-O Qd7 17. Qe2 Bxe3 18. Nxe3 Ne7 19. Rfd1 g6 20. Bc2 b4 21. c4 Rfc8 22. Nd5 Bxd5 23. cxd5 Rc5 24. Bd3 Rbc8 25. Qd2 Kg7 26. f4 f6 27. Rf1 Qa7 28. Kh1 Ng8 29. Rf3 Qc7 30. Raf1 Rc1 31. h4 Rxf1+ 32. Rxf1 h6 33. Qf2 Qc5 34. Qf3 Qd4 35. h5 exf4 36. hxg6 Qe3 37. Qxe3 fxe3 38. Re1 Ne7 39. Rxe3 Nxg6 40. Bb5 Ne5 41. Rg3+ Kf7 42. a3 Rc2 43. Rb3 Ng4 44. Kg1 a4 45. Rg3 Rxb2 46. axb4 h5 47. Kf1 Rxb4 48. Bc6 Rb3 0-1

[Event "RA Spring op"]
[Site "Ottawa CAN"]
[Date "2013.02.16"]
[Round "4"]
[White "Gordon, David"]
[Black "Sambuev, Bator"]
[Result "0-1"]
[WhiteElo "2287"]
[BlackElo "2700"]
[PlyCount "62"]
[GameId "2160767909381729"]
[EventDate "2013.02.15"]
[EventType "swiss"]
[EventRounds "5"]
[EventCountry "CAN"]
[SourceTitle "EXT 2022"]
[Source "ChessBase"]
[SourceDate "2021.10.06"]
[SourceVersion "1"]
[SourceVersionDate "2021.10.06"]
[SourceQuality "1"]

1. d4 e6 2. c4 Nf6 3. Nc3 Bb4 4. e3 c5 5. Bd3 O-O 6. Nf3 d5 7. O-O dxc4 8. Bxc4 Nbd7 9. a3 Ba5 10. Na4 cxd4 11. b4 Bc7 12. Nxd4 Bxh2+ 13. Kxh2 Qc7+ 14. g3 Qxc4 15. Bb2 Nb6 16. Rc1 Qa2 17. Nb3 Nxa4 18. Bxf6 e5 19. Ra1 Qb2 20. Rb1 Qxa3 21. Be7 Nc3 22. Ra1 Qb2 23. Qc1 Qxb3 24. Bxf8 Ne4 25. Rxa7 Rb8 26. Qc7 Qe6 27. Qd8 Qh3+ 28. Kg1 Qxf1+ 29. Kxf1 Bh3+ 30. Ke1 Rxd8 31. Be7 Rc8 0-1